Two years and counting (Record no. 65359)
[ view plain ]
| 000 -LEADER | |
|---|---|
| fixed length control field | 01288cam a2200253 4500 |
| 001 - CONTROL NUMBER | |
| control field | ABS63176 |
| 008 - FIXED-LENGTH DATA ELEMENTS--GENERAL INFORMATION | |
| fixed length control field | 000000n2000 000 0 eng u |
| 035 ## - SYSTEM CONTROL NUMBER | |
| System control number | (Sirsi) u109478 |
| 100 ## - MAIN ENTRY--PERSONAL NAME | |
| Personal name | Burcher, G |
| 245 ## - TITLE STATEMENT | |
| Title | Two years and counting |
| 260 ## - PUBLICATION, DISTRIBUTION, ETC. | |
| Date of publication, distribution, etc. | 2000 |
| 490 ## - SERIES STATEMENT | |
| Series statement | Estates Gazette |
| Volume/sequential designation | (0045) 11 November 2000, 165(1) |
| 520 ## - SUMMARY, ETC. | |
| Summary, etc. | Discusses the Chesterton report, "The e-commerce revolution", based on a survey of 110 West Midlands firms covering the automotive, retail, wholesale, and banking and financial services sectors. Key findings in the report indicate high internet usage among businesses for publishing and communication, but a lack of insight of the potential impact of e-commerce on their organisations; 97% of firms using e-commerce have not queried their buildings' infrastructure requirements in the context of e-commerce growth. Concludes that e-commerce will impact on property in the near future, prompting firms to reorganise floorspace or acquire additional floorspace. Graphs. |
| 590 ## - LOCAL NOTE (RLIN) | |
| Local note | ABS |
| 650 ## - SUBJECT ADDED ENTRY--TOPICAL TERM | |
| Topical term or geographic name entry element | E-COMMERCE |
| 650 ## - SUBJECT ADDED ENTRY--TOPICAL TERM | |
| Topical term or geographic name entry element | CHESTERTON |
| 650 ## - SUBJECT ADDED ENTRY--TOPICAL TERM | |
| Topical term or geographic name entry element | FLOORSPACE |
| 650 ## - SUBJECT ADDED ENTRY--TOPICAL TERM | |
| Topical term or geographic name entry element | OFFICE BUILDINGS |
| 650 ## - SUBJECT ADDED ENTRY--TOPICAL TERM | |
| Topical term or geographic name entry element | IT INFRASTRUCTURE |
| 650 ## - SUBJECT ADDED ENTRY--TOPICAL TERM | |
| Topical term or geographic name entry element | INTERNET |
| 690 ## - LOCAL SUBJECT ADDED ENTRY--TOPICAL TERM (OCLC, RLIN) | |
| Topical term or geographic name as entry element | INFORMATION TECHNOLOGY-INTERNET |
| 700 ## - ADDED ENTRY--PERSONAL NAME | |
| Personal name | Fletcher, P |
| 942 ## - ADDED ENTRY ELEMENTS (KOHA) | |
| Suppress in OPAC | 0 |
| Withdrawn status | Lost status | Source of classification or shelving scheme | Damaged status | Not for loan | Home library | Current library | Shelving location | Date acquired | Total Checkouts | Full call number | Barcode | Date last seen | Copy number | Price effective from | Koha item type |
|---|---|---|---|---|---|---|---|---|---|---|---|---|---|---|---|
| Dewey Decimal Classification | London | London | Journal article | 23/11/2000 | ABS63176 | 109478-1001 | 06/08/2019 | 1 | 06/08/2019 | Journal article |